=LDR 00000nam 2200000 4500 =001 INLIS000000000032420 =005 20250410103753 =035 ##$$a 0010-061300000032420 =008 250410################d##########0#ind## =041 ##$$a ind =082 ##$$a F Rom K =090 ##$$a F Rom K, Roi,k =100 ##$$a Roihanah, Salsabilaa =245 1#$$a Kecil-Kecil Punya Karya, Adventure Day, Salsabilaa Raihanah;Penyunting,Dadan Ramadhan /$c , Salsabilaa Raihanah;Penyunting,Dadan Ramadhan =260 ##$$a Bandung :$b Dar! Mizan,$c 2009 =300 ##$$a 126 hlm : $b Ilus ; $c 20 x 14'5 cm =650 #4$$a Fiksi Anak-Anak =850 ##$$a NBPNMAT =020 ##$$a 978-979-066-131-8 =084 ##$$a F Rom K Roi k =710 #$$a Dadan, Ramadhan =990 ##$$a 21002609 =990 ##$$a 01201805730